00952cam a2200265 i 450000100060000000300080000600500170001400800410003102000170007203500190008904000320010804100080014008200240014810000250017224500750019726000320027230000350030450000200033950400320035961000470039165000830043894200120052199900170053395201360055033918BD-RjUL20211209052059.0140512s1975 enka b 001 0 eng  a0715608673 : a(BD-RjUL)34010 aDLCcDLCdDLCdBD-RjULbeng aeng00a331.89046bROS 19751 aRoeber, Joe.910305910aSocial change at work :bthe ICI Weekly staff agreement /cJoe Roeber. aLondon :bDuckworth,c1975. axxiv, 342 p. :bill. ;c23 cm. aIncludes index. aBibliography: p. [334]-336.20aImperial Chemical Industries, ltd.9103062 0aCollective bargainingxChemical industryzGreat BritainxCase studies.9103061 2ddccBK c33918d33918 00102ddc4071aRUCLbRUCLcReadingd1981-08-13eNetherlandg0.00l0o331.89046 ROS 1975r2014-05-12 00:00:00tC-1w2014-05-12yBK